The development and practice of electronic music /

Bibliographic Details
Main Author: Appleton, Jon H., 1939-
Other Authors: Perera, Ronald
Format: Book
Language:English
Published: Englewood Cliffs, N.J. : Prentice-Hall, 1975.
Subjects:

MARC

Tag First Indicator Second Indicator Subfields
LEADER 00000cam a2200000 4500
001 in00000464413
005 20151013050820.0
008 740628s1975 njua b 00110 eng
010 |a  74012478  
020 |a 0132076055  |c $12.95 
035 |a (OCoLC)00980231 
035 |9 ACA6424AM 
040 |a DLC  |c DLC  |d TXA  |d UtOrBLW 
049 |a TXAM  |c [1471230] 
050 0 0 |a ML3817  |b .A66 
082 0 |a 789.9 
100 1 |a Appleton, Jon H.,  |d 1939- 
245 1 4 |a The development and practice of electronic music /  |c Editors: Jon H. Appleton [and] Ronald C. Perera. Authors: Otto Luening [and others]. 
264 1 |a Englewood Cliffs, N.J. :  |b Prentice-Hall,  |c 1975. 
300 |a ix, 384 pages :  |b illustrations ;  |c 25 cm. 
336 |a text  |b txt  |2 rdacontent 
337 |a unmediated  |b n  |2 rdamedia 
338 |a volume  |b nc  |2 rdacarrier 
504 |a Bibliography: pages 336-343. 
504 |a Discography: pages 344-366. 
505 0 |a Luening, O. Origins.--Slawson, A. W. Sound, electronics, and hearing.--Ciamaga, G. The tape studio.--Chadabe, J. The voltage-controlled synthesizer.--Rogers, J. E. The uses of digital computers in electronic music generation.--Mumma, G. Live-electronic music. 
650 0 |a Electronic music  |x History and criticism. 
700 1 |a Perera, Ronald. 
999 |a MARS 
999 f f |s 9a58021b-a229-3875-991d-306911c41019  |i 35538f35-565f-3d0e-b951-7a85f807b59a  |t 0 
952 f f |p ric  |a Texas A&M University  |b Rellis Campus  |c Joint Library Facility  |d Remote Storage  |t 0  |e ML3817 .A66  |h Library of Congress classification  |i unmediated -- volume  |m A14803367822 
998 f f |a ML3817 .A66  |t 0  |l Remote Storage